| 000 | 00510nam a22001577a 4500 | ||
|---|---|---|---|
| 003 | macl | ||
| 005 | 20221213132710.0 | ||
| 008 | 221213b |||||||| |||| 00| 0 eng d | ||
| 040 | _cmacl | ||
| 082 | _a920/SHA | ||
| 100 |
_aडॉ पवित्र कुमार शर्मा _919883 |
||
| 245 | _aनानाजी देशमुुख | ||
| 260 |
_aदिल्ली _bइंडिया डिजिटल पब्लिशर्स _c2022 |
||
| 650 | _aजीवनी | ||
| 942 |
_2ddc _cHIN |
||
| 999 |
_c65750 _d65750 |
||